[Event "Copenhagen Chess Challenge 2014"]
[Site "Ballerup"]
[Date "2014.05.17"]
[Round "7"]
[White "Hansen, Mads"]
[Black "Thuesen, Mogens Henrik"]
[Result "1-0"]
[WhiteElo "2358"]
[BlackElo "2235"]
[PlyCount "91"]
[EventDate "2014.??.??"]
[EventType "swiss"]
[EventRounds "9"]
[EventCountry "DEN"]

1. e4 e6 2. d4 d5 3. Nc3 Nf6 4. e5 Nfd7 5. f4 c5 6. Nf3 Nc6 7. Be3 a6 8. Qd2 b5
9. a3 g5 10. Ne2 g4 11. Nfg1 h5 12. h3 f5 13. g3 Rg8 14. Bg2 c4 15. hxg4 hxg4
16. Nc3 Nb6 17. Nge2 Ra7 18. Kf2 Rgg7 19. Rh5 Raf7 20. Rah1 Qe7 21. Qe1 b4 22.
axb4 Nxb4 23. Qb1 Rh7 24. Bd2 Rxh5 25. Rxh5 Rh7 26. Rxh7 Qxh7 27. Na2 Nc6 28.
b3 Qb7 29. Nac3 Nb4 30. Nd1 cxb3 31. cxb3 Qc6 32. Ndc3 Bd7 33. Qa1 Qc7 34. Bf1
Nc8 35. Na2 Qa5 36. Nec1 Na7 37. Qc3 Nac6 38. Qb2 Qb6 39. Bc3 a5 40. Ke3 Na7
41. Nd3 Nxd3 42. Bxd3 Bb5 43. Bc2 Bf1 44. Nc1 Nb5 45. Bd3 Ba3 46. Bxb5+ 1-0

[Event "Copenhagen Chess Challenge 2014"]
[Site "Ballerup"]
[Date "2014.05.17"]
[Round "7"]
[White "Haub, Thorsten Michael"]
[Black "Ochsner, Bjorn Moller"]
[Result "1/2-1/2"]
[WhiteElo "2441"]
[BlackElo "2307"]
[PlyCount "95"]
[EventDate "2014.??.??"]
[EventType "swiss"]
[EventRounds "9"]
[EventCountry "DEN"]

1. g3 c5 2. Bg2 Nc6 3. e4 g6 4. d3 Bg7 5. Nf3 d6 6. O-O e5 7. c3 Nge7 8. Nbd2
O-O 9. Nh4 Kh8 10. f4 exf4 11. gxf4 f5 12. Ndf3 d5 13. e5 d4 14. c4 Qd7 15. Bd2
Rb8 16. a4 Nd8 17. Ng5 b6 18. Qf3 Bh6 19. Qg3 Bxg5 20. Qxg5 Ne6 21. Qg3 Bb7 22.
Nf3 Bc6 23. Ng5 Nxg5 24. Qxg5 Bxg2 25. Qxg2 a5 26. Rf3 Qe6 27. Qg5 Rf7 28. Rh3
Ng8 29. Kf2 Kg7 30. b3 Kf8 31. Kf1 Rg7 32. Qg2 Rd7 33. Be1 Rc8 34. Bh4 Qc6 35.
Rf3 Re8 36. Kf2 Re6 37. Rg1 Nh6 38. h3 Qb7 39. Qg3 Qc6 40. Qg5 Nf7 41. Qg2 Nh6
42. Rg3 Qxg2+ 43. R3xg2 Kf7 44. Kf3 Ng8 45. Bg5 Rb7 46. Bh4 Rd7 47. Rg5 Rb7 48.
R5g2 1/2-1/2

[Event "Copenhagen Chess Challenge 2014"]
[Site "Ballerup"]
[Date "2014.05.17"]
[Round "7"]
[White "Hector, Jonny"]
[Black "Rydstrom, Tom"]
[Result "1-0"]
[WhiteElo "2511"]
[BlackElo "2190"]
[PlyCount "65"]
[EventDate "2014.??.??"]
[EventType "swiss"]
[EventRounds "9"]
[EventCountry "DEN"]

1. e4 e5 2. Nf3 Nc6 3. Bc4 Bc5 4. c3 Nf6 5. d4 exd4 6. cxd4 Bb4+ 7. Nbd2 d5 8.
exd5 Nxd5 9. O-O O-O 10. a3 Be7 11. Re1 Bg4 12. h3 Bh5 13. Ba2 Bf6 14. Qb3 Nb6
15. d5 Nd4 16. Nxd4 Bxd4 17. Ne4 Re8 18. Bf4 Be5 19. Bxe5 Rxe5 20. Qg3 Nd7 21.
f4 Re8 22. Qf2 f5 23. Ng5 Rxe1+ 24. Rxe1 Nf6 25. d6+ Kh8 26. Bf7 h6 27. Bxh5
hxg5 28. Bg6 Ne4 29. Qf3 g4 30. hxg4 Qh4 31. g3 Nxg3 32. Kg2 Qf6 33. Kxg3 1-0

[Event "Copenhagen Chess Challenge 2014"]
[Site "Ballerup"]
[Date "2014.05.17"]
[Round "7"]
[White "Hoi, Carsten"]
[Black "Danielsen, Henrik"]
[Result "0-1"]
[WhiteElo "2397"]
[BlackElo "2483"]
[PlyCount "62"]
[EventDate "2014.??.??"]
[EventType "swiss"]
[EventRounds "9"]
[EventCountry "DEN"]

1. d4 d6 2. Nf3 g6 3. c4 Bg7 4. Nc3 e5 5. e4 Bg4 6. d5 Nd7 7. Be2 Bh6 8. Bxh6
Nxh6 9. Nd2 Bxe2 10. Qxe2 f5 11. O-O-O Qe7 12. Kb1 Nf7 13. exf5 gxf5 14. h3
O-O-O 15. Nb3 Qg5 16. g3 Kb8 17. Na5 e4 18. Nb5 Nfe5 19. h4 Qh6 20. Nd4 Rdf8
21. Qc2 Qf6 22. Qb3 Nc5 23. Qb4 Re8 24. Nxb7 Nxb7 25. Nc6+ Ka8 26. Qa4 Nxc6 27.
Qxc6 Qd8 28. Rhe1 Re7 29. b4 Qd7 30. Qa6 Rb8 31. Kc1 Nd8 0-1

[Event "Copenhagen Chess Challenge 2014"]
[Site "Ballerup"]
[Date "2014.05.17"]
[Round "7"]
[White "Jorgensen, Dennis"]
[Black "Sorensen, Per Settergren"]
[Result "1-0"]
[WhiteElo "2231"]
[BlackElo "2021"]
[PlyCount "65"]
[EventDate "2014.??.??"]
[EventType "swiss"]
[EventRounds "9"]
[EventCountry "DEN"]

1. d4 e6 2. Nf3 b6 3. c4 Bb7 4. g3 Bb4+ 5. Bd2 Bxf3 6. exf3 Bxd2+ 7. Qxd2 d5 8.
cxd5 Qxd5 9. Nc3 Qxf3 10. Rg1 c6 11. Bg2 Qf6 12. Nb5 Qe7 13. Qc3 Qd7 14. d5
cxb5 15. Qxg7 Na6 16. Qxh8 O-O-O 17. O-O-O Ne7 18. Qe5 exd5 19. Kb1 Nb4 20. Rd2
Nbc6 21. Qh5 Kb7 22. Qxf7 b4 23. Re1 b3 24. axb3 Kb8 25. Rde2 Qf5+ 26. Qxf5
Nxf5 27. Re8 Kc7 28. Rxd8 Kxd8 29. Bxd5 Nb4 30. Be4 Nd6 31. Bxh7 Nb7 32. h4 Nc5
33. Bc2 1-0

[Event "Copenhagen Chess Challenge 2014"]
[Site "Ballerup"]
[Date "2014.05.17"]
[Round "7"]
[White "Kistrup, Nicolai"]
[Black "Karlsson, Robin"]
[Result "0-1"]
[WhiteElo "1721"]
[BlackElo "2008"]
[PlyCount "78"]
[EventDate "2014.??.??"]
[EventType "swiss"]
[EventRounds "9"]
[EventCountry "DEN"]

1. d4 Nf6 2. Nf3 g6 3. c4 Bg7 4. Nc3 d6 5. Bg5 O-O 6. e3 h6 7. Bh4 c5 8. Be2 a6
9. O-O Bf5 10. Qd2 Nbd7 11. a3 g5 12. Bg3 Nh5 13. b4 Nxg3 14. hxg3 Rc8 15. Rac1
Bg6 16. Rfd1 Nf6 17. bxc5 dxc5 18. Qb2 Qc7 19. Ne5 cxd4 20. exd4 Bh7 21. Bf3 b6
22. Nd5 Nxd5 23. cxd5 Qd6 24. Rc6 Rxc6 25. dxc6 b5 26. Qb3 Bxe5 27. dxe5 Qxe5
28. Rd7 Bf5 29. Ra7 g4 30. Bd1 Rd8 31. Bc2 Bxc2 32. Qxc2 Qe1+ 33. Kh2 Rd5 34.
Ra8+ Kg7 35. Qb2+ f6 36. Rg8+ Kxg8 37. Qa2 e6 38. Qxd5 exd5 39. c7 Qc3 0-1

[Event "Copenhagen Chess Challenge 2014"]
[Site "Ballerup"]
[Date "2014.05.17"]
[Round "7"]
[White "Korley, Kassa"]
[Black "Pedersen, Daniel V"]
[Result "1/2-1/2"]
[WhiteElo "2390"]
[BlackElo "2244"]
[PlyCount "98"]
[EventDate "2014.??.??"]
[EventType "swiss"]
[EventRounds "9"]
[EventCountry "DEN"]

1. Nf3 Nf6 2. g3 d5 3. Bg2 c6 4. O-O Bg4 5. c4 e6 6. d3 Nbd7 7. cxd5 exd5 8.
Nc3 Be7 9. h3 Bxf3 10. Bxf3 O-O 11. Bd2 Re8 12. Rc1 Nc5 13. b4 Ne6 14. Rb1 a6
15. Bg2 Bf8 16. a4 Nd4 17. e3 Nf5 18. Ne2 Bd6 19. Qc2 Rc8 20. e4 Ne7 21. f4
Qb6+ 22. Kh1 Nf5 23. g4 Nh4 24. e5 Nxg2 25. Kxg2 Nd7 26. Be1 Bf8 27. Bf2 Qc7
28. d4 Nb6 29. a5 Nc4 30. Rb3 b6 31. axb6 Qxb6 32. Rfb1 Rb8 33. Nc1 Qc7 34. Nd3
a5 35. Qa2 a4 36. Rc3 a3 37. Rxa3 Nxa3 38. Qxa3 Qb6 39. Qc3 Qb5 40. f5 Ra8 41.
Rc1 Ra2 42. Qxc6 Qxd3 43. Qxe8 Qe4+ 44. Kg1 Qf3 45. Rf1 Qxh3 46. e6 Qxg4+ 47.
Kh1 Qh3+ 48. Kg1 Qg4+ 49. Kh1 Qh3+ 1/2-1/2

[Event "Copenhagen Chess Challenge 2014"]
[Site "Ballerup"]
[Date "2014.05.17"]
[Round "7"]
[White "Larsen, Preben R"]
[Black "Olsen, Aage Dalstrup"]
[Result "0-1"]
[WhiteElo "1808"]
[BlackElo "2054"]
[PlyCount "72"]
[EventDate "2014.??.??"]
[EventType "swiss"]
[EventRounds "9"]
[EventCountry "DEN"]

1. c4 e5 2. Nc3 Nf6 3. Nf3 Nc6 4. d4 exd4 5. Nxd4 Bc5 6. Nxc6 bxc6 7. Bf4 d6 8.
e3 O-O 9. Bd3 Re8 10. O-O d5 11. Qc2 Bd6 12. Bxd6 Qxd6 13. Ne2 h6 14. c5 Qe7
15. Ng3 Ne4 16. Bxe4 dxe4 17. Rfd1 Rb8 18. Rd4 f5 19. Ne2 Qe5 20. b4 Rxb4 21.
Rxb4 Qxa1+ 22. Rb1 Qe5 23. Nd4 Bd7 24. Rb7 f4 25. Rb2 f3 26. Qc4+ Kh8 27. Rb1
Qg5 28. g3 Qh5 29. a4 Kh7 30. a5 Re5 31. Rc1 Qe8 32. Rb1 Bh3 33. Qc3 Qh5 34.
Rc1 Rd5 35. Qc4 Bg2 36. Ne6 Qxh2+ 0-1

[Event "Copenhagen Chess Challenge 2014"]
[Site "Ballerup"]
[Date "2014.05.17"]
[Round "7"]
[White "Mikkelsen, Nikolaj"]
[Black "Semcesen, Daniel"]
[Result "1/2-1/2"]
[WhiteElo "2430"]
[BlackElo "2513"]
[PlyCount "165"]
[EventDate "2014.??.??"]
[EventType "swiss"]
[EventRounds "9"]
[EventCountry "DEN"]

1. e4 e5 2. Nf3 Nf6 3. Nxe5 d6 4. Nf3 Nxe4 5. Bd3 Nf6 6. O-O Be7 7. c3 O-O 8.
h3 Re8 9. Re1 Nbd7 10. Bc2 d5 11. d4 Bd6 12. Nbd2 c6 13. Nf1 Ne4 14. Ng5 Nxg5
15. Rxe8+ Qxe8 16. Bxg5 f6 17. Bh4 Nf8 18. Bg3 Bxg3 19. Nxg3 Bd7 20. Qd2 Qf7
21. Re1 Re8 22. Rxe8 Qxe8 23. Kf1 Be6 24. Qf4 Qd8 25. h4 Qb6 26. Bb3 Qd8 27.
Bc2 Qb6 28. Bb3 Qd8 29. h5 g6 30. hxg6 hxg6 31. Kg1 Kg7 32. Bc2 Qe7 33. Nf1 Qd7
34. Ne3 Qc8 35. Qg3 Qd7 36. Bd3 Qc8 37. Kf1 Qd7 38. Ke1 Kf7 39. Qh4 Ke7 40. Kd2
Qe8 41. Qh2 Kd7 42. Qf4 Ke7 43. Qc7+ Qd7 44. Qb8 a6 45. Qh2 Qe8 46. Qh4 Qf7 47.
a4 Kd7 48. a5 Qe7 49. b4 Kc8 50. Qh2 f5 51. Qh6 Qf6 52. Nf1 Nd7 53. Nh2 g5 54.
Qxf6 Nxf6 55. Nf3 Nh7 56. Ng1 Nf6 57. Nh3 g4 58. Nf4 Bd7 59. Ke3 Kd8 60. Ng6
Nh5 61. g3 Bc8 62. Nh4 Ng7 63. Kf4 Ne6+ 64. Ke5 Ng5 65. Nxf5 Nh3 66. Bc2 Nxf2
67. Ne3 Nh1 68. Kf4 Nf2 69. Nd1 Nh3+ 70. Ke5 Ng1 71. Bd3 Bd7 72. Kf4 Nh3+ 73.
Ke5 Ng1 74. Bf1 Ke7 75. Kf4 Kf6 76. Nf2 Nh3+ 77. Bxh3 gxh3 78. g4 h2 79. Kg3
Kg5 80. Nh3+ Kf6 81. Nf2 Kg5 82. Nh3+ Kf6 83. Nf2 1/2-1/2

[Event "Copenhagen Chess Challenge 2014"]
[Site "Ballerup"]
[Date "2014.05.17"]
[Round "7"]
[White "Molvig, Julius"]
[Black "Frank Nielsen, Marie"]
[Result "1/2-1/2"]
[WhiteElo "1899"]
[BlackElo "1992"]
[PlyCount "43"]
[EventDate "2014.??.??"]
[EventType "swiss"]
[EventRounds "9"]
[EventCountry "DEN"]

1. d4 Nf6 2. c4 g6 3. Nc3 Bg7 4. e4 d6 5. Nf3 O-O 6. Be2 e5 7. O-O Nc6 8. d5
Ne7 9. b4 Nh5 10. Re1 h6 11. Nd2 Nf4 12. Bf1 g5 13. c5 f5 14. cxd6 cxd6 15. Ba3
fxe4 16. Ndxe4 Bf5 17. b5 Nc8 18. Qb3 Rf7 19. Bb4 Bf8 20. a4 g4 21. Qa3 h5 22.
Rad1 1/2-1/2

[Event "Copenhagen Chess Challenge 2014"]
[Site "Ballerup"]
[Date "2014.05.17"]
[Round "7"]
[White "Nielsen, Thomas (1975)"]
[Black "Skovgaard, Ib"]
[Result "0-1"]
[WhiteElo "1912"]
[BlackElo "2041"]
[PlyCount "92"]
[EventDate "2014.??.??"]
[EventType "swiss"]
[EventRounds "9"]
[EventCountry "DEN"]

1. d4 d5 2. c4 c6 3. Bf4 Nf6 4. Nf3 e6 5. e3 Nbd7 6. Nbd2 Ne4 7. Bd3 f5 8. O-O
Be7 9. Ne5 O-O 10. f3 Nxe5 11. Bxe5 Nxd2 12. Qxd2 c5 13. Rac1 cxd4 14. exd4 Bd7
15. cxd5 exd5 16. f4 Qb6 17. Kh1 Rac8 18. Qe2 Bf6 19. Rb1 Rfe8 20. Rf3 Re7 21.
Rh3 Bxe5 22. dxe5 Be6 23. Qh5 g6 24. Qe2 Rec7 25. Rf3 Kg7 26. h4 Rc1+ 27. Rf1
Rxb1 28. Bxb1 Qb4 29. a3 Qb3 30. Kh2 Qa4 31. Bd3 Qd4 32. g3 a6 33. Rd1 Qa4 34.
Qd2 Qc6 35. Qb4 Kf7 36. Rd2 Qc1 37. Qxb7+ Rc7 38. Qb4 d4 39. Rf2 Bd5 40. Rf1
Qe3 41. e6+ Kg7 42. e7 Rc2+ 43. Kh3 Bg2+ 44. Kh2 Bxf1+ 45. Bxc2 Qf2+ 46. Kh1
Qg2# 0-1

[Event "Copenhagen Chess Challenge 2014"]
[Site "Ballerup"]
[Date "2014.05.17"]
[Round "7"]
[White "Nielsen, Thomas (1994)"]
[Black "Andersen, Daniel"]
[Result "0-1"]
[WhiteElo "1600"]
[BlackElo "1940"]
[PlyCount "56"]
[EventDate "2014.??.??"]
[EventType "swiss"]
[EventRounds "9"]
[EventCountry "DEN"]

1. d4 Nf6 2. c4 g6 3. Nf3 Bg7 4. g3 d5 5. cxd5 Nxd5 6. e3 O-O 7. Bg2 c5 8. O-O
cxd4 9. Nxd4 e5 10. Nb5 a6 11. N1c3 Nxc3 12. Nxc3 Nc6 13. Qb3 Ra7 14. Rd1 Qa5
15. Bd2 Bg4 16. f3 Be6 17. Qc2 Bf5 18. Ne4 Qb6 19. Bc3 Qxe3+ 20. Kh1 Nd4 21.
Bxd4 exd4 22. Qc5 Raa8 23. Re1 Qd3 24. Nd6 Qc2 25. Qxc2 Bxc2 26. Rac1 d3 27.
Rxc2 dxc2 28. Rc1 Rad8 0-1

[Event "Copenhagen Chess Challenge 2014"]
[Site "Ballerup"]
[Date "2014.05.17"]
[Round "7"]
[White "Nielsen, Viktor"]
[Black "Thorhallsson, Throstur"]
[Result "0-1"]
[WhiteElo "2029"]
[BlackElo "2437"]
[PlyCount "42"]
[EventDate "2014.??.??"]
[EventType "swiss"]
[EventRounds "9"]
[EventCountry "DEN"]

1. e4 c5 2. c3 Nf6 3. e5 Nd5 4. d4 cxd4 5. Nf3 e6 6. cxd4 b6 7. Bd3 Bb7 8. Nc3
Nxc3 9. bxc3 Be7 10. O-O Qc7 11. Bd2 d6 12. Re1 Nd7 13. c4 dxe5 14. Nxe5 Nxe5
15. dxe5 O-O-O 16. Qc2 Qd7 17. Re3 Bc5 18. Rd1 Bxe3 19. Bxe3 Be4 20. Bxe4 Qxd1+
21. Qxd1 Rxd1# 0-1

[Event "Copenhagen Chess Challenge 2014"]
[Site "Ballerup"]
[Date "2014.05.17"]
[Round "7"]
[White "Nordenbaek, Jan"]
[Black "Larsen, Tor Ketil"]
[Result "1-0"]
[WhiteElo "2248"]
[BlackElo "2004"]
[PlyCount "61"]
[EventDate "2014.??.??"]
[EventType "swiss"]
[EventRounds "9"]
[EventCountry "DEN"]

1. e4 d6 2. d4 g6 3. Nc3 Bg7 4. f4 c5 5. dxc5 Qa5 6. cxd6 Bxc3+ 7. bxc3 Qxc3+
8. Bd2 Qd4 9. Bd3 Qxd6 10. Nf3 Qc5 11. Rb1 Nf6 12. Rb5 Qc7 13. O-O Bd7 14. Rb2
Bc6 15. Qe2 O-O 16. e5 Nh5 17. Ng5 Ng7 18. f5 Nd7 19. fxg6 hxg6 20. e6 Ne5 21.
exf7+ Nxf7 22. Ne6 Qd6 23. Nxf8 Qd4+ 24. Qe3 Qxb2 25. Nxg6 Qxa2 26. Nxe7+ Kf8
27. Bb4 a5 28. Nd5+ axb4 29. Qe7+ Kg8 30. Qxf7+ Kh8 31. Qf8+ 1-0

[Event "Copenhagen Chess Challenge 2014"]
[Site "Ballerup"]
[Date "2014.05.17"]
[Round "7"]
[White "Nyland, Thomas"]
[Black "Bjerre, Jonas Buhl"]
[Result "0-1"]
[WhiteElo "2043"]
[BlackElo "1961"]
[PlyCount "42"]
[EventDate "2014.??.??"]
[EventType "swiss"]
[EventRounds "9"]
[EventCountry "DEN"]

1. e4 c5 2. Nf3 e6 3. d4 cxd4 4. Nxd4 Nc6 5. Be3 Qc7 6. Nc3 a6 7. Qd2 Nf6 8. f3
Be7 9. Bd3 O-O 10. g4 b5 11. O-O-O Ne5 12. g5 Nh5 13. Nce2 Bb7 14. f4 Nc4 15.
Bxc4 bxc4 16. Ng3 Nxg3 17. hxg3 Bxe4 18. Rh3 Rab8 19. Qc3 Bb4 20. Nxe6 dxe6 21.
Qd4 Bf5 0-1

[Event "Copenhagen Chess Challenge 2014"]
[Site "Ballerup"]
[Date "2014.05.17"]
[Round "7"]
[White "Olsen, Miriam Frida"]
[Black "Brondal, Paul"]
[Result "1/2-1/2"]
[WhiteElo "1952"]
[BlackElo "2078"]
[PlyCount "67"]
[EventDate "2014.??.??"]
[EventType "swiss"]
[EventRounds "9"]
[EventCountry "DEN"]

1. e4 c6 2. d4 d5 3. e5 Bf5 4. Nd2 e6 5. Nb3 Nd7 6. Nf3 Bg4 7. Be2 Ne7 8. Bd2
Nc8 9. a4 Be7 10. O-O O-O 11. a5 c5 12. c4 dxc4 13. Bxc4 cxd4 14. Bf4 Bc5 15.
Nxc5 Nxc5 16. Qxd4 Bxf3 17. Qxc5 Bc6 18. b4 Qe7 19. Be3 a6 20. Rfd1 Re8 21. Bb3
Qxc5 22. Bxc5 Ne7 23. Bxe7 Rxe7 24. Rd6 Kf8 25. Rad1 Ke8 26. Bc2 g6 27. R1d4
Rd7 28. Rxd7 Bxd7 29. Be4 Rc8 30. g3 Rc7 31. Kg2 Bc6 32. Bxc6+ Rxc6 33. g4 h6
34. h4 1/2-1/2

[Event "Copenhagen Chess Challenge 2014"]
[Site "Ballerup"]
[Date "2014.05.17"]
[Round "7"]
[White "Petrovski, Petruli"]
[Black "Hein, Jacob"]
[Result "1-0"]
[WhiteElo "1866"]
[BlackElo "1451"]
[PlyCount "67"]
[EventDate "2014.??.??"]
[EventType "swiss"]
[EventRounds "9"]
[EventCountry "DEN"]

1. Nf3 Nf6 2. c4 c5 3. g3 g6 4. b3 Bg7 5. Bb2 d6 6. Bg2 O-O 7. O-O h6 8. d3 e5
9. Nbd2 Ne8 10. e3 Nc6 11. a3 Be6 12. Qc2 Qc7 13. Rfe1 a6 14. Rac1 Rc8 15. Bc3
Qd7 16. Qb2 Rb8 17. d4 cxd4 18. exd4 exd4 19. Nxd4 Ne5 20. Nxe6 fxe6 21. Bxe5
dxe5 22. Qc2 Qd4 23. Nf3 Qa7 24. c5 Rf5 25. Nh4 Rxf2 26. Qxf2 Nf6 27. Nxg6 Kh7
28. Qc2 Kg8 29. Nxe5 Rc8 30. Ng6 b6 31. b4 bxc5 32. bxc5 Ng4 33. Qc4 Qf7 34.
Qxg4 1-0

[Event "Copenhagen Chess Challenge 2014"]
[Site "Ballerup"]
[Date "2014.05.17"]
[Round "7"]
[White "Quernheim, Daniel"]
[Black "Krull, Carl"]
[Result "1-0"]
[WhiteElo "2032"]
[BlackElo "1789"]
[PlyCount "63"]
[EventDate "2014.??.??"]
[EventType "swiss"]
[EventRounds "9"]
[EventCountry "DEN"]

1. d4 Nf6 2. c4 e5 3. dxe5 Ng4 4. Bf4 Bb4+ 5. Nc3 Nc6 6. Nf3 Qe7 7. Rc1 Ngxe5
8. Nxe5 Nxe5 9. a3 Bxc3+ 10. Rxc3 d6 11. c5 O-O 12. cxd6 cxd6 13. g3 Bf5 14.
Bg2 Rac8 15. Rxc8 Rxc8 16. O-O b6 17. Qd4 Qf6 18. Rd1 h6 19. h3 Rc2 20. Qxd6
Qxd6 21. Rxd6 Rxe2 22. Kf1 Rxb2 23. Bxe5 Ra2 24. g4 Be6 25. Rd8+ Kh7 26. Be4+
f5 27. gxf5 Bc4+ 28. Kg2 Re2 29. Kf3 Bd3 30. Bxd3 Rxe5 31. f6+ g6 32. f7 1-0

[Event "Copenhagen Chess Challenge 2014"]
[Site "Ballerup"]
[Date "2014.05.17"]
[Round "7"]
[White "Rosenkilde, Alexander"]
[Black "Jensen, Morten Frank"]
[Result "1-0"]
[WhiteElo "2271"]
[BlackElo "2005"]
[PlyCount "69"]
[EventDate "2014.??.??"]
[EventType "swiss"]
[EventRounds "9"]
[EventCountry "DEN"]

1. d4 g6 2. c4 Bg7 3. Nc3 c5 4. d5 Bxc3+ 5. bxc3 f5 6. Nf3 Qa5 7. Qc2 Nf6 8. e3
d6 9. Bd3 Nbd7 10. O-O Nb6 11. Rb1 Bd7 12. Nd2 O-O-O 13. f3 Kc7 14. e4 fxe4 15.
fxe4 Ng4 16. Nf3 Rhf8 17. Bg5 Rde8 18. e5 h6 19. Bd2 Rxf3 20. exd6+ exd6 21.
Rxf3 Ne5 22. Re3 Qa4 23. Qb3 Rf8 24. Rxe5 dxe5 25. Bxh6 Rg8 26. Re1 Kd6 27. Rf1
Qxb3 28. axb3 Bg4 29. Bf8+ Rxf8 30. Rxf8 Nd7 31. Rg8 Bd1 32. Rxg6+ Ke7 33. Rg7+
Kd8 34. Bf5 Nf6 35. Rxb7 1-0

[Event "Copenhagen Chess Challenge 2014"]
[Site "Ballerup"]
[Date "2014.05.17"]
[Round "7"]
[White "Slettebo, Jan"]
[Black "Johansen, Johnny Holler"]
[Result "0-1"]
[WhiteElo "2040"]
[BlackElo "1949"]
[PlyCount "130"]
[EventDate "2014.??.??"]
[EventType "swiss"]
[EventRounds "9"]
[EventCountry "DEN"]

1. e4 c5 2. Nf3 d6 3. d4 cxd4 4. Nxd4 Nf6 5. Nc3 g6 6. Be3 Bg7 7. f3 O-O 8. Qd2
Nc6 9. Bc4 Nxd4 10. Bxd4 Be6 11. Bb3 Qa5 12. O-O Rfc8 13. Rae1 Bxb3 14. axb3
Nd7 15. Bxg7 Kxg7 16. Qd5 Qxd5 17. exd5 Kf8 18. Re2 Nf6 19. Rd1 Rc5 20. b4 Rc4
21. Na2 Rac8 22. Rdd2 b5 23. c3 Nd7 24. Nc1 a5 25. bxa5 b4 26. Nd3 bxc3 27.
bxc3 Rxc3 28. Nb4 Ra3 29. Ra2 Rxa2 30. Rxa2 Ke8 31. Kf2 Ra8 32. Ke3 Kd8 33. Kd4
e5+ 34. Kc4 Kc7 35. Nc6 Nb8 36. Ne7 Na6 37. Kb5 Kb7 38. Rc2 Nc7+ 39. Ka4 Re8
40. Rb2+ Ka8 41. Nc6 Nxd5 42. Rd2 Kb7 43. Rxd5 Kxc6 44. Rb5 Re7 45. a6 Ra7 46.
Ka5 f5 47. Rb6+ Kc7 48. Kb5 e4 49. fxe4 fxe4 50. Rc6+ Kd7 51. Rc1 Rc7 52. Ra1
Rc5+ 53. Kb4 Rc8 54. a7 Ra8 55. Kb5 d5 56. Kb6 e3 57. Re1 d4 58. Rd1 Ke6 59.
Rxd4 Ke5 60. Rd7 Re8 61. Rb7 e2 62. Rb8 Re6+ 63. Kb5 e1=Q 64. a8=Q Qb1+ 65. Kc4
Qc2+ 0-1

[Event "Copenhagen Chess Challenge 2014"]
[Site "Ballerup"]
[Date "2014.05.17"]
[Round "7"]
[White "Stefansson, Hannes"]
[Black "Mueller, Reinhold"]
[Result "1-0"]
[WhiteElo "2548"]
[BlackElo "2282"]
[PlyCount "69"]
[EventDate "2014.??.??"]
[EventType "swiss"]
[EventRounds "9"]
[EventCountry "DEN"]

1. d4 Nf6 2. c4 c5 3. d5 e6 4. Nc3 exd5 5. cxd5 d6 6. Nf3 g6 7. Bf4 Bg7 8. Qa4+
Bd7 9. Qb3 Qc7 10. e4 O-O 11. Nd2 Re8 12. Be2 b5 13. Bxb5 Nxe4 14. Ncxe4 f5 15.
O-O fxe4 16. Rae1 Bxb5 17. Qxb5 Nd7 18. Nxe4 Ne5 19. Qa6 Qf7 20. Bg3 Qxd5 21.
Qxd6 Qxa2 22. Nf6+ Bxf6 23. Qxf6 Nd3 24. Re3 Qd5 25. Bd6 c4 26. h4 Qf7 27. Qd4
Rad8 28. Rxe8+ Rxe8 29. b3 Rc8 30. bxc4 Qxc4 31. Qxa7 Qxh4 32. Qd7 Qc4 33. Ra1
Nxf2 34. Be5 Nh3+ 35. Kh2 1-0

[Event "Copenhagen Chess Challenge 2014"]
[Site "Ballerup"]
[Date "2014.05.17"]
[Round "7"]
[White "Vesterli, Michael E"]
[Black "Thorfinnsson, Bragi"]
[Result "0-1"]
[WhiteElo "2107"]
[BlackElo "2459"]
[PlyCount "126"]
[EventDate "2014.??.??"]
[EventType "swiss"]
[EventRounds "9"]
[EventCountry "DEN"]

1. d4 f5 2. c4 e6 3. Nc3 Nf6 4. Nf3 Be7 5. Bf4 d6 6. e3 O-O 7. h3 Qe8 8. Bd3
Nc6 9. Bh2 Bd8 10. d5 Nb4 11. dxe6 Bxe6 12. Be2 Qg6 13. O-O Ne4 14. Qb3 a5 15.
a3 Nc5 16. Qd1 Nc6 17. Nd5 a4 18. Nf4 Qe8 19. Nxe6 Qxe6 20. Qc2 Bf6 21. Rad1
Kh8 22. Rfe1 Rfe8 23. Nd2 g6 24. Nb1 Qe4 25. Rc1 Nb3 26. Qxe4 fxe4 27. Rc2 Na1
28. Rd2 Nb3 29. Rc2 Na1 30. Rd2 Na5 31. Rd5 N1b3 32. Nc3 Bxc3 33. bxc3 Nc5 34.
Bf4 Kg7 35. h4 h6 36. f3 Ra6 37. Rb1 Nab3 38. Bd1 Rc6 39. Bc2 exf3 40. gxf3 Ne6
41. Bg3 Rxc4 42. Be1 Nec5 43. e4 Rf8 44. Kg2 Ne6 45. Kg3 Nf4 46. Bxb3 axb3 47.
Rb5 Ne2+ 48. Kg2 Nxc3 49. Rc1 Nxb5 50. Rxc4 c5 51. Bc3+ Kf7 52. Bb2 Ra8 53. a4
Nc7 54. e5 Ke6 55. Kg3 b5 56. axb5 Nxb5 57. Rg4 dxe5 58. Re4 Ra2 59. Rxe5+ Kd6
60. Re2 c4 61. Rd2+ Kc5 62. h5 gxh5 63. f4 c3 0-1

[Event "Copenhagen Chess Challenge 2014"]
[Site "Ballerup"]
[Date "2014.05.17"]
[Round "7"]
[White "Westerinen, Heikki"]
[Black "Sahl, Bjarke"]
[Result "1/2-1/2"]
[WhiteElo "2299"]
[BlackElo "2368"]
[PlyCount "20"]
[EventDate "2014.??.??"]
[EventType "swiss"]
[EventRounds "9"]
[EventCountry "DEN"]

1. e4 c5 2. Nf3 d6 3. d4 cxd4 4. Nxd4 Nf6 5. Nc3 a6 6. a4 e5 7. Nf3 Qc7 8. Bg5
Nbd7 9. Nd2 b6 10. Bc4 Bb7 1/2-1/2

[Event "Copenhagen Chess Challenge 2014"]
[Site "Ballerup"]
[Date "2014.05.17"]
[Round "7"]
[White "Yin, Zixiao"]
[Black "Jacobsen, Mikkel Manosri"]
[Result "0-1"]
[WhiteElo "2020"]
[BlackElo "2113"]
[PlyCount "68"]
[EventDate "2014.??.??"]
[EventType "swiss"]
[EventRounds "9"]
[EventCountry "DEN"]

1. g3 d5 2. c3 Bf5 3. d3 Nf6 4. Nf3 c5 5. Bg2 Nc6 6. Na3 e6 7. Qb3 a6 8. Nh4
Bg4 9. h3 Bh5 10. g4 Na5 11. Qd1 Nd7 12. Nf3 Bg6 13. Nc2 Be7 14. Bf4 Rc8 15.
Nd2 c4 16. d4 Nf6 17. Ne3 Qb6 18. Qc1 h5 19. g5 Nd7 20. Nd1 Qd8 21. h4 f6 22.
Nf3 Be4 23. Bh3 Nf8 24. Rg1 Bxf3 25. exf3 f5 26. Qe3 Rc6 27. Be5 Kf7 28. Rc1
Ng6 29. Bg3 Bd6 30. f4 Qc7 31. Rc2 Bxf4 32. Bxf4 Qxf4 33. Qxf4 Nxf4 34. Bf1 Ng6
0-1

[Event "Copenhagen Chess Challenge 2014"]
[Site "Ballerup"]
[Date "2014.05.17"]
[Round "7"]
[White "Karlsson, Anders"]
[Black "Murtuzov, Rauf Mubariz"]
[Result "0-1"]
[WhiteElo "1915"]
[BlackElo "2079"]
[PlyCount "50"]
[EventDate "2014.??.??"]
[EventType "swiss"]
[EventRounds "9"]
[EventCountry "DEN"]

1. e4 c6 2. d4 d5 3. Nc3 g6 4. e5 Bg7 5. Bf4 f6 6. Qd2 fxe5 7. dxe5 Qc7 8. Nf3
Bg4 9. e6 Qc8 10. Nd4 Bxe6 11. O-O-O Bf7 12. Re1 Nd7 13. Nf3 Qd8 14. Ng5 Qa5
15. Nxf7 Kxf7 16. Qe3 e5 17. Bg3 Bh6 18. f4 d4 19. Bc4+ Kg7 20. Qd2 Nb6 21.
Rxe5 Qxe5 22. Re1 Nxc4 23. Qf2 Ne3 24. Kb1 Qf5 25. Qd2 Qxc2+ {Kxc2} 0-1

[Event "Copenhagen Chess Challenge 2014"]
[Site "Ballerup"]
[Date "2014.05.18"]
[Round "8"]
[White "Andersen, Daniel"]
[Black "Larsen, Preben R"]
[Result "1/2-1/2"]
[WhiteElo "1940"]
[BlackElo "1808"]
[PlyCount "65"]
[EventDate "2014.??.??"]
[EventType "swiss"]
[EventRounds "9"]
[EventCountry "DEN"]

1. c4 Nf6 2. Nc3 d5 3. cxd5 Nxd5 4. g3 c6 5. Bg2 e6 6. d4 Bb4 7. Bd2 Nd7 8. e4
Ne7 9. Nge2 O-O 10. a3 Ba5 11. e5 Bc7 12. Ne4 c5 13. Nxc5 Nxc5 14. dxc5 Bxe5
15. Bc3 Qc7 16. Bxe5 Qxe5 17. Qc2 Bd7 18. O-O Bc6 19. Bxc6 Nxc6 20. b4 a6 21.
Rfe1 Qf6 22. Qc3 e5 23. f4 Nd4 24. Kg2 Qc6+ 25. Kf2 Qh6 26. Nxd4 Qxh2+ 27. Kf3
exd4 28. Qxd4 Rad8 29. Qe3 Rd2 30. Re2 Qh5+ 31. Kf2 Qh2+ 32. Kf3 Qh5+ 33. Kf2
1/2-1/2